| Tag |
First Indicator |
Second Indicator |
Subfields |
| LEADER |
00000cam a2200000Ka 4500 |
| 001 |
in00002671621 |
| 005 |
20210727155333.0 |
| 006 |
m d |
| 007 |
cr cn| |
| 008 |
101101s2010 nyua ob 001 0 eng d |
| 020 |
|
|
|a 144195919X
|
| 020 |
|
|
|a 9781441959195
|
| 035 |
|
|
|a (OCoLC)676699562
|
| 035 |
|
|
|a (OCoLC)ocn676699562
|
| 035 |
|
|
|a 3825515
|
| 037 |
|
|
|a 978-1-4419-5918-8
|b Springer
|n http://www.springerlink.com
|
| 040 |
|
|
|a GW5XE
|b eng
|c GW5XE
|d UtOrBLW
|
| 049 |
|
|
|a TXAC
|
| 050 |
1 |
4 |
|a R857.C66
|b B56 2010
|
| 082 |
0 |
4 |
|a 610.28
|2 22
|
| 245 |
0 |
0 |
|a Biomedical applications of hydrogels handbook /
|c editor-in-chief, Raphael M. Ottenbrite ; editors, Kinam Park, Teruo Okano.
|
| 264 |
|
1 |
|a New York :
|b Springer,
|c [2010]
|
| 264 |
|
4 |
|c ©2010
|
| 300 |
|
|
|a xix, 432 pages :
|b illustrations (some color) ;
|c 27 cm.
|
| 336 |
|
|
|a text
|b txt
|2 rdacontent
|
| 337 |
|
|
|a computer
|b c
|2 rdamedia
|
| 338 |
|
|
|a online resource
|b cr
|2 rdacarrier
|
| 500 |
|
|
|a Electronic resource.
|
| 504 |
|
|
|a Includes bibliographical references and indexes.
|
| 533 |
|
|
|a Electronic reproduction.
|b New York :
|c Springer,
|d 2010.
|n Mode of access: World Wide Web.
|n System requirements: Web browser.
|n Title from title screen (viewed on Oct. 7, 2010).
|n Access may be restricted to users at subscribing institutions.
|
| 650 |
|
0 |
|a Colloids in medicine.
|0 http://id.loc.gov/authorities/subjects/sh85028455
|
| 655 |
|
7 |
|a Electronic books.
|2 local
|
| 700 |
1 |
|
|a Okano, Teruo.
|0 http://id.loc.gov/authorities/names/n97118072
|
| 700 |
1 |
|
|a Ottenbrite, Raphael M.
|0 http://id.loc.gov/authorities/names/n80010921
|
| 700 |
1 |
|
|a Park, Kinam.
|0 http://id.loc.gov/authorities/names/n93072288
|
| 710 |
2 |
|
|a SpringerLink (Online service)
|0 http://id.loc.gov/authorities/names/no2005046756
|
| 776 |
0 |
8 |
|i Print version:
|t Biomedical applications of hydrogels handbook.
|d New York : Springer, c2010
|z 9781441959188
|w (OCoLC)502034151
|
| 856 |
4 |
0 |
|u http://proxy.library.tamu.edu/login?url=https://dx.doi.org/10.1007/978-1-4419-5919-5
|z Connect to the full text of this electronic book
|t 0
|
| 994 |
|
|
|a 92
|b TXA
|
| 999 |
|
|
|a MARS
|
| 999 |
f |
f |
|s 545867d4-3d1d-39eb-acae-26fbf2ed5b15
|i 60bd60d1-b9e5-3319-8120-132594bd7c4d
|t 0
|
| 952 |
f |
f |
|a Texas A&M University
|b College Station
|c Electronic Resources
|d Available Online
|t 0
|e R857.C66 B56 2010
|h Library of Congress classification
|
| 998 |
f |
f |
|a R857.C66 B56 2010
|t 0
|l Available Online
|